000 01334nam a2200277 a 4500
001 52036
003 BD-RjUL
005 20211209075738.0
008 160905s1978 nyu o000 0 eng d
035 _a(BD-RjUL)52156
040 _aBD-RjUL
_beng
_cBD-RjUL
_dBD-RjUL
041 _aeng
082 _a304.63
_223
_bMET 1978
110 2 _bDepartment of Economic and Social Affairs.
_bPopulation Division.
_9155621
245 1 0 _aMethods of measuring the impact of family planning programmes on fertility :
_bproblems and issues /
_ca project of the Population Division of the Department of Economic and Social Affairs of the United Nations Secretariat, in collaboration with the Committee on Demographic Aspects of Family Planning Programmes of the International Union for the Scientific Study of Population
260 _aNew York :
_bUnited Nations,
_c1978
300 _avi, 200 p. :
_bill. ;
_c28 cm.
500 _a"United Nations publication. Sales no. E.78.XIII.2."
650 0 _aBirth control
_9155612
650 0 _aFertility, Human
_9155613
710 2 _aInternational Union for the Scientific Study of Population.
_bCommittee on Demographic Aspects of Family Planning Programs.
_9155614
830 0 _aPopulation studies (New York, N.Y.) ;
_9136436
942 _2ddc
_cBK
999 _c52036
_d52036